Romania Quiz - Statistics

General Stats
  • This quiz has been taken 68 times
  • The average score is 4 of 5
Answer Stats
Question Answer % Correct
What's the capital of Romania? Bucharest
100%
What's a popular coast city from Romania? Constanţa
90%
What's a city from Romania? Timișoara
90%
In what romanian city is the Bran Castle located? Braşov
80%
What are Romania's bordering countries? Moldova, Ukraine, Hungary, Serbia, Bulgaria
80%
No matching quizzes found
Score Distribution
Percent of People with Each Score
Percentile by Number Answered
Your Score History
You have not taken this quiz